| 000 | 00424nam a22001697a 4500 | ||
|---|---|---|---|
| 001 | 10020 | ||
| 003 | FISKH | ||
| 005 | 20260401113211.0 | ||
| 008 | 260330b cb ||||| |||| 00| 0 eng d | ||
| 020 | _a9787517605720 | ||
| 040 |
_aFISKH _bchi _cFISKH _dFISKH |
||
| 100 | _a作者 | ||
| 245 |
_a书名 / _c作者 |
||
| 300 |
_a10 unnumbered pages : _bcolor illustrations ; _c15 cm . |
||
| 942 |
_2ddc _cBOOK _n0 |
||
| 999 |
_c10020 _d10020 |
||